000 00268nam a22001337a 4500
008 170323b xxu||||| |||| 00| 0 eng d
020 _a0393710157
041 _aeng
080 _a616.9
100 _a8
101 _aSHM
245 _aAIDS
_cCOREY, L
942 _2udc
_cBK
999 _c8465
_d8465